Sports Quiz

Random Sports Quiz
Score 0/36 Timer 07:00
0 Plays Today
Appearances % Correct
253Billy Turley
90.7%
301Paul Underwood
89.7%
333Andy Burgess
88.7%
371Gary Butterworth
85.6%
288Darren Collins
83.5%
128Paul Hall
82.5%
104Simeon Jackson
81.4%
130Duane Darby
79.4%
190Gary Mills
73.2%
196Lee Tomlin
70.1%
104Dale Roberts
70.1%
115Ray Warburton
66%
146Mark Peters
62.9%
144David Bell
61.9%
121Barry Hunter
59.8%
130Aidy Mann
53.6%
162Dale Watkins
51.5%
247Tim Wooding
51.5%
Appearances % Correct
145Michael Rankine
50.5%
166Jon Brady
46.4%
152Chris Hope
45.4%
205Andy Peaks
44.3%
166Andy Kirkup
44.3%
192Marcus Kelly
40.2%
137John Flower
36.1%
208Jim Rodwell
36.1%
115Mickey Nuttell
34%
145Stuart Gray
34%
193Curtis Osano
30.9%
112Kenny Cramman
23.7%
142Phil Gulliver
22.7%
158Dave Johnson
16.5%
151Paul York
16.5%
105Brendan Hackett
16.5%
120Michael Corcoran
7.2%
114Darrell Page
5.2%

You're not logged in!

Compare scores with friends on all Sporcle quizzes.
OR
Log In

Sporcle TV

Today on Sporcle TV


Watch our educational content, quiz creation guides, and fun videos on Sporcle TV.

Show Comments

Extras

Top Quizzes Today


Score Distribution

Paid Content

Your Account Isn't Verified!

In order to create a playlist on Sporcle, you need to verify the email address you used during registration. Go to your Sporcle Settings to finish the process.

Report this User

Report this user for behavior that violates our Community Guidelines.

Details: